| 000 | 00666nam a2200181Ia 4500 | ||
|---|---|---|---|
| 008 | 090630s9999 xx 000 0 und d | ||
| 082 | _b25130 | ||
| 100 | _aकाळे शैलजा. | ||
| 245 |
_aअंधारातून प्रकाशाकडे. _cकाळे शैलजा. |
||
| 260 |
_bज्ञानेश - नागपूर. _c2006 |
||
| 300 | _a128 | ||
| 600 | _aकाळे शैलजा. | ||
| 630 | _aअंधारातून प्रकाशाकडे. | ||
| 655 | _aनाटक. | ||
| 700 | _aकाळे शैलजा. | ||
| 730 | _aअंधारातून प्रकाशाकडे. | ||
| 942 | _cBOOK | ||
| 999 |
_c276986 _d276986 |
||